Countries That Have Participated In The Most Olympics - Statistics

General Stats
  • This quiz has been taken 172 times
  • The average score is 19 of 21
Answer Stats
# Country % Correct
55 Great Britain
99%
54 United States
99%
55 France
98%
53 Canada
96%
54 Italy
96%
53 Norway
96%
47 Spain
96%
54 Sweden
96%
51 Greece
94%
47 Japan
94%
52 Finland
91%
49 Australia
88%
54 Austria
88%
48 Poland
87%
51 Belgium
86%
51 Netherlands
86%
55 Switzerland
86%
45 Denmark
83%
53 Hungary
73%
46 Romania
65%
47 Argentina
54%
No matching quizzes found
Score Distribution
Percent of People with Each Score
Percentile by Number Answered
Your Score History
You have not taken this quiz